000 00277nam a2200109Ia 4500
008 190911s9999||||xx |||||||||||||| ||und||
100 _aMuhammad ali Shaikh
245 0 _aRole of Sindh In Creation of Pakistan
260 _aKarachi
_bRoyal Book
_c1998
300 _a216
942 _cBK
999 _c6884
_d6884